| 000 | 01138nam0a22002411 4500 | ||
|---|---|---|---|
| 001 | rc\242179 | ||
| 005 | 20030307120215.1 | ||
| 035 | _a(NLR Aleph) 005493634 | ||
| 090 |
_a5233604 _c5233604 |
||
| 100 | _a20030307d1990 u |0rusy50 ca | ||
| 101 | 0 | _arus | |
| 102 | _aRU | ||
| 105 | _ay ||||||||| | ||
| 200 | 1 |
_aМетодические рекомендации по использованию компьютерного курса "Русский язык как иностранный" _e(Для преподавателя) _fМ-во науки и образования ССРМ. Молд. госуниверситет. Каф. рус. яз. по обучению иностр. студентов, аспирантов и стажеров. ВЦ |
|
| 210 |
_aКишинев _cМолд. гос. ун-т _d1990 (вып. дан. 1991) |
||
| 215 |
_a29 с. _d20 |
||
| 700 | 1 |
_aКлибанова _bЛ. А. _gЛюдмила Александровна |
|
| 701 | 1 |
_aХанбекова _bН. С. _gНаталья Сергеевна |
|
| 801 | 0 |
_aRU _bNLR _gpsbo |
|
| 801 | 1 |
_aRU _bELAR _2rusmarc |
|
| 852 |
_aNLR _j91-4/9086 |
||
| 942 | _cBOOK | ||
| 980 | _aNB | ||